000 00595cam a22002171 4500
001 9237288
005 20180306034844.0
008 740429s1936 nyuh 000 0 eng
010 _a 36016210
035 _a(OCoLC)871374
040 _aDLC
_cMH-AH
_dOCoLC
_dDLC
041 1 _aengger
080 _a297.63
082 0 0 _a297.63 AND
_aB
100 1 _a24
101 _aTEO
240 0 0 _aMohammed, sein Leben und sein Glaube. English
245 0 0 _aMohammed;
_cTranslated by Theophil Menzel.
906 _a7
_bcbc
_coclcrpl
_du
_encip
_f19
_gy-gencatlg
942 _2ddc
_cBK
999 _c44139
_d44139